000 00525nam a2200181 u 4500
005 20210223131210.0
008 091210s2006 r 000 0 eng d
020 _a842712743X
035 _aUPN01000174247
049 _aCG
050 4 _aBV2290
_bJ4.7
245 0 0 _aJesuitas exploradores, pioneros y geógrafos /
_ced. Juan Plazaola.
260 _aBilbao, Esp. :
_bMensajero,
_c2006.
300 _a243 p. :
_bil., mapas
650 4 _aJESUITAS -
_xMISIONES
_913852
700 1 _aPlazaola Artola, Juan,
_eed.
905 _aLibro
999 _c146351
_d146351